[Event "51st National Challengers (National â€˜Bâ€™) Chess Cha"]
[Site "Bhopal, Madhya Pradesh-India"]
[Date "2013.10.20"]
[Round "11"]
[Board "28"]
[White "Prasannaa.S, "]
[Black "Navin, Kanna T.U."]
[Result "0-1"]
[WhiteElo "2171"]
[BlackElo "2358"]
[PlyCount "0"]
[EventDate "2013.10.12"]
[EventRounds "13"]
[EventCountry "IND"]

1. e4 c5 2. Nf3 d6 3. d4 cxd4 4. Nxd4 Nf6 5. Nc3 Nc6 6. Bg5 e6 7. Qd2 a6 8. O-O-O Bd7 9. f3 Be7 10. Be3 Rc8 11. g4 h6 12. Nxc6 Bxc6 13. Ne2 Nxe4 14. Qd3 Ng5 15. Nd4 Bd5 16. Bg2 Qa5 17. Nf5 Qxa2 18. Nxe7 Kxe7 19. f4 Nh7 20. g5 Rc6 21. Bxd5 Qxd5 22. Qxd5 exd5 23. Rxd5 Nf8 24. f5 hxg5 25. Bxg5 Kd7 26. Re1 f6 27. Bf4 Rh4 28. Rd4 g5 29. Be3 Rxh2 30. c3 Kc7 31. Re4 Rh7 32. Bd4 Nd7 33. Re6 Ne5 34. Kb1 Rf7 35. Rh1 Kd7 36. Rh8 Rc7 37. Bb6 Rc8 38. Rxc8 Kxc8 39. Rxd6 Nd7 40. Bd4 g4 41. Kc2 g3 42. Kd3 Re7 43. Bxf6 g2 44. Bd4 Ne5 45. Kc2 Rd7 46. Rxd7 Kxd7 47. Kb3 Nf3 48. Be3 g1Q 49. Bxg1 Nxg1  0-1

[Event "51st National Challengers (National â€˜Bâ€™) Chess Cha"]
[Site "Bhopal, Madhya Pradesh-India"]
[Date "2013.10.20"]
[Round "11"]
[Board "29"]
[White "Dhulipala, Bala Chandra Prasad"]
[Black "Krishna, C.R.G."]
[Result "1/2-1/2"]
[WhiteElo "2139"]
[BlackElo "2340"]
[PlyCount "0"]
[EventDate "2013.10.12"]
[EventRounds "13"]
[EventCountry "IND"]

1. e4 e6 2. d3 d5 3. Nd2 c5 4. Ngf3 Nc6 5. g3 g6 6. Bg2 Bg7 7. O-O Nge7 8. Re1 O-O 9. e5 f6 10. exf6 Bxf6 11. Nf1 Nf5 12. c3 e5 13. Ne3 Nxe3 14. Bxe3 b6 15. Qa4 Bb7 16. Ng5 Re8 17. h4 Ne7 18. Bh3 Qd6 19. d4 cxd4 20. cxd4 Nc6 21. Nf3 e4 22. Nd2 Qb4 23. Qxb4 Nxb4 24. Rec1 Re7 25. Nb3 Nd3 26. Rc2 a5 27. a3 Bg7 28. Nc1 Ne1 29. Re2 Nf3 30. Kg2 Nxd4 31. Bxd4 Bxd4 32. Nb3 Bg7 33. Rd1 a4 34. Nd4 Ba6 35. Red2 Bb7 36. Rc2 Be5 37. Nc6 Bxc6 38. Rxc6 Rd8 39. Rxb6 d4 40. Rb4 Rc7 41. Rd2 Rc1 42. Rxa4 Re1 43. Bg4 e3 44. fxe3 Rxe3 45. Bf3 Rf8 46. Rf2 Kh8 47. Ra5 d3 48. Rd5 Bxb2 49. Rxb2 Rfxf3 50. Rb7 Rxg3 51. Kh2 Rh3 52. Kg2 Rhg3  1/2-1/2

[Event "51st National Challengers (National â€˜Bâ€™) Chess Cha"]
[Site "Bhopal, Madhya Pradesh-India"]
[Date "2013.10.20"]
[Round "11"]
[Board "30"]
[White "Joshi, Govind Ballabh"]
[Black "Kulkarni, Vikramaditya"]
[Result "1-0"]
[WhiteElo "2166"]
[BlackElo "2335"]
[PlyCount "0"]
[EventDate "2013.10.12"]
[EventRounds "13"]
[EventCountry "IND"]

1. d4 Nf6 2. c4 g6 3. Nc3 Bg7 4. e4 d6 5. f3 O-O 6. Be3 a6 7. Qd2 Nbd7 8. Nge2 c5 9. Rd1 b6 10. Nc1 cxd4 11. Bxd4 Bb7 12. Be2 Rc8 13. O-O Re8 14. Rfe1 e6 15. Bf1 Qc7 16. Qf2 Bc6 17. Nd3 e5 18. Be3 a5 19. Rd2 Nc5 20. Red1 Ncd7 21. Ne1 Bf8 22. Nc2 Qb8 23. Na3 Nh5 24. Nab5 Re6 25. g3 f5 26. Bh3 Ng7 27. Bh6 Rf6 28. Bg5 Re6 29. Bh6 Rf6 30. Bg5 Rf7 31. Nxd6 Ne6 32. Nxf7 Nxg5 33. Nxg5 Bc5 34. Rxd7 Bxd7 35. Rxd7 Bxf2 36. Kxf2 Rc7 37. Rd2 Rxc4 38. exf5 b5 39. f6 Qb6 40. Kg2 Rd4 41. Rxd4 exd4 42. Nd5 Qc5 43. f7 Kh8 44. Ne6 Qc2 45. Kg1 Qd1 46. Bf1  1-0

[Event "51st National Challengers (National â€˜Bâ€™) Chess Cha"]
[Site "Bhopal, Madhya Pradesh-India"]
[Date "2013.10.20"]
[Round "11"]
[Board "31"]
[White "Abhishek, Kelkar"]
[Black "Shantharam, K.V."]
[Result "1/2-1/2"]
[WhiteElo "2291"]
[BlackElo "2167"]
[PlyCount "0"]
[EventDate "2013.10.12"]
[EventRounds "13"]
[EventCountry "IND"]

1. d4 Nf6 2. c4 c5 3. d5 e5 4. Nc3 d6 5. e4 Be7 6. Nge2 h5 7. h4 a6 8. a4 g6 9. Bg5 Ng4 10. Bxe7 Qxe7 11. Ng3 a5 12. Qd2  1/2-1/2

[Event "51st National Challengers (National â€˜Bâ€™) Chess Cha"]
[Site "Bhopal, Madhya Pradesh-India"]
[Date "2013.10.20"]
[Round "11"]
[Board "34"]
[White "Rohan, Ahuja"]
[Black "Joshi, Pankaj"]
[Result "1/2-1/2"]
[WhiteElo "2093"]
[BlackElo "2271"]
[PlyCount "0"]
[EventDate "2013.10.12"]
[EventRounds "13"]
[EventCountry "IND"]

1. Nf3 Nf6 2. g3 d6 3. d4 Nbd7 4. Bg2 c6 5. O-O e5 6. c4 Be7 7. b3 O-O 8. Nc3 Re8 9. Qc2 Bf8 10. Bb2 Qc7 11. e3 g6 12. Rfd1 exd4 13. Nxd4 Nc5 14. h3 a5 15. a3 Qe7 16. b4 Nce4 17. Nxe4 Nxe4 18. Bxe4  1/2-1/2

[Event "51st National Challengers (National â€˜Bâ€™) Chess Cha"]
[Site "Bhopal, Madhya Pradesh-India"]
[Date "2013.10.20"]
[Round "11"]
[Board "41"]
[White "Vijay, Kumar"]
[Black "Nitin, S."]
[Result "0-1"]
[WhiteElo "1999"]
[BlackElo "2364"]
[PlyCount "0"]
[EventDate "2013.10.12"]
[EventRounds "13"]
[EventCountry "IND"]

1. Nf3 Nf6 2. c4 g6 3. g3 Bg7 4. Bg2 O-O 5. Nc3 d6 6. d4 Nbd7 7. O-O e5 8. b3 Re8 9. Bb2 h6 10. dxe5 dxe5 11. e4 c6 12. Qd2 Qc7 13. Ba3 Qa5 14. Bb2 Nc5 15. Rfd1 Bg4 16. h3 Bxf3 17. Bxf3 Rad8 18. Qe3 Ne6 19. Rxd8 Rxd8 20. a3 Nd4 21. Bd1 h5 22. Ne2 Kh7 23. b4 Qc7 24. Kg2 Bh6 25. Qd3 Nxe2 26. Qxe2 Rd2 27. Qf3 Rxb2  0-1

[Event "51st National Challengers (National â€˜Bâ€™) Chess Cha"]
[Site "Bhopal, Madhya Pradesh-India"]
[Date "2013.10.20"]
[Round "11"]
[Board "50"]
[White "Debarshi, Mukherjee"]
[Black "Ramakrishna, J."]
[Result "0-1"]
[WhiteElo "1994"]
[BlackElo "2207"]
[PlyCount "0"]
[EventDate "2013.10.12"]
[EventRounds "13"]
[EventCountry "IND"]

1. e4 c5 2. Nc3 e6 3. f4 a6 4. Nf3 d5 5. g3 Nc6 6. d3 b5 7. Qe2 Nd4 8. Nxd4 cxd4 9. Nd1 dxe4 10. dxe4 Bb7 11. Bg2 Rc8 12. O-O Nf6 13. Nf2 Be7 14. Rd1 Qb6 15. b3 O-O 16. Bb2 Rfd8 17. Rd3 b4 18. Rad1 Qa5 19. Ra1 Bc5 20. Qd2 h6 21. a4 Qb6 22. g4 a5 23. g5 hxg5 24. fxg5 Nd7 25. Ng4 e5 26. Kh1 Qg6 27. Re1 Be7 28. Bc1 Rc3 29. Re2 Rdc8 30. Nf2 Nc5 31. Qd1 Nxd3 32. Nxd3 Ba6 33. Bb2 Bxd3 34. cxd3 R3c5 35. Bh3 Bxg5 36. Rg2 R8c7 37. Qg4 Be3  0-1

[Event "51st National Challengers (National â€˜Bâ€™) Chess Cha"]
[Site "Bhopal, Madhya Pradesh-India"]
[Date "2013.10.20"]
[Round "11"]
[Board "51"]
[White "Akash Pc, Iyer"]
[Black "Madhab, Sarma"]
[Result "1-0"]
[WhiteElo "2206"]
[BlackElo "1995"]
[PlyCount "0"]
[EventDate "2013.10.12"]
[EventRounds "13"]
[EventCountry "IND"]

1. d4 Nf6 2. c4 e6 3. Nc3 Bb4 4. Qc2 O-O 5. Nf3 d5 6. a3 Be7 7. Bg5 h6 8. Bf4 c5 9. dxc5 Bxc5 10. e3 dxc4 11. Bxc4 a6 12. Rd1 Bd7 13. O-O b5 14. Bd3 Qb6 15. Ne4 Nxe4 16. Bxe4 Ra7 17. b4 Be7 18. Ne5 Be8 19. Bg3 Rc7 20. Bh7 Kh8 21. Nxf7 Bxf7 22. Bxc7 Qa7 23. Be5 Be8 24. Bd4 Qb7 25. Be4 Bc6 26. Bxc6 Nxc6 27. Qe4 Qa8 28. Qxe6 Nxd4 29. exd4 Qd8 30. Qxa6 Qd5 31. Qg6 Bd6 32. Rfe1 Qc6 33. Re6 Rd8 34. Rde1 Qc3 35. h3 Rg8 36. R1e3 Qc7 37. Re8 Bf8 38. d5 Qd7 39. Qe6 Qc7 40. d6 Qxd6 41. Qxd6 Bxd6 42. Rxg8 Kxg8 43. Re6 Bf4 44. Rb6 Bc1 45. Rxb5 Bxa3 46. Rb8 Kf7 47. b5 Ke6 48. b6 Kd6 49. b7 Kc7 50. Ra8  1-0

[Event "51st National Challengers (National â€˜Bâ€™) Chess Cha"]
[Site "Bhopal, Madhya Pradesh-India"]
[Date "2013.10.21"]
[Round "12"]
[Board "1"]
[White "Debashis, Das"]
[Black "Thejkumar, M. S."]
[Result "1/2-1/2"]
[WhiteElo "2497"]
[BlackElo "2421"]
[PlyCount "45"]
[EventDate "2013.10.12"]
[EventRounds "13"]
[EventCountry "IND"]

1. d4 d5 2. c4 e6 3. Nc3 Be7 4. Bf4 Nf6 5. e3 O-O 6. a3 c5 7. dxc5 Bxc5 8. Nf3
Nc6 9. Qc2 Qa5 10. Rd1 Be7 11. Be2 a6 12. O-O dxc4 13. Bxc4 b5 14. Bd3 Bb7 15.
Ne4 g6 16. Nd6 Qb6 17. Nxb7 Qxb7 18. Be2 Rac8 19. Qb1 Rfd8 20. Rxd8+ Rxd8 21.
Rc1 Nd5 22. Bg3 Bd6 23. Bxd6 1/2-1/2

[Event "51st National Challengers (National â€˜Bâ€™) Chess Cha"]
[Site "Bhopal, Madhya Pradesh-India"]
[Date "2013.10.21"]
[Round "12"]
[Board "2"]
[White "Adhiban, B."]
[Black "Ashwin, Jayaram"]
[Result "1/2-1/2"]
[WhiteElo "2587"]
[BlackElo "2461"]
[PlyCount "65"]
[EventDate "2013.10.12"]
[EventRounds "13"]
[EventCountry "IND"]

1. e4 e5 2. Nf3 Nc6 3. Bb5 a6 4. Ba4 Nf6 5. O-O b5 6. Bb3 Bc5 7. a4 Rb8 8. c3
d6 9. d4 Bb6 10. a5 Ba7 11. h3 Bb7 12. Be3 Nxe4 13. d5 Bxe3 14. dxc6 Nxf2 15.
Qe2 Nxh3+ 16. Kh1 Nf2+ 17. Rxf2 Bxf2 18. Qxf2 Bc8 19. Nxe5 O-O 20. Nd3 Qg5 21.
Nd2 b4 22. Nxb4 Rb5 23. Ne4 Qg6 24. Ng3 Rg5 25. Nd5 Kh8 26. Ne7 Qh6+ 27. Kg1
Be6 28. Nef5 Qf6 29. Bc2 Rb8 30. Qa7 Qd8 31. b4 g6 32. Qd4+ f6 33. Nh6 1/2-1/2

[Event "51st National Challengers (National â€˜Bâ€™) Chess Cha"]
[Site "Bhopal, Madhya Pradesh-India"]
[Date "2013.10.21"]
[Round "12"]
[Board "3"]
[White "Deepan, Chakkravarthy J."]
[Black "Laxman, R.R."]
[Result "1-0"]
[WhiteElo "2476"]
[BlackElo "2424"]
[PlyCount "83"]
[EventDate "2013.10.12"]
[EventRounds "13"]
[EventCountry "IND"]

1. d4 Nf6 2. c4 e6 3. Nc3 Bb4 4. a3 Bxc3+ 5. bxc3 d5 6. f3 c6 7. Qc2 c5 8. e3
O-O 9. Ne2 dxc4 10. Ng3 cxd4 11. cxd4 e5 12. dxe5 Qa5+ 13. Kf2 Qxe5 14. Bb2 Qe7
15. Bxc4 Be6 16. Nf5 Bxf5 17. Qxf5 Nbd7 18. Bd4 Rfe8 19. Rhc1 g6 20. Qf4 Ne5
21. Bb5 Qd6 22. Rd1 Nh5 23. Qh4 Rec8 24. Rd2 Nc4 25. Bxc4 Rxc4 26. Rad1 Qe6 27.
Qg5 b6 28. Qe5 Qxe5 29. Bxe5 f6 30. Ba1 Rf8 31. g4 Ng7 32. Rd7 Rc2+ 33. Kg3 Ne6
34. Re7 Nc5 35. g5 Rf7 36. Rd8+ Rf8 37. Rxf8+ Kxf8 38. Bxf6 a5 39. Rxh7 Ra2 40.
h4 Rxa3 41. h5 Rxe3 42. hxg6 1-0

[Event "51st National Challengers (National â€˜Bâ€™) Chess Cha"]
[Site "Bhopal, Madhya Pradesh-India"]
[Date "2013.10.21"]
[Round "12"]
[Board "4"]
[White "Sagar, Shah"]
[Black "Karthikeyan, Murali"]
[Result "0-1"]
[WhiteElo "2373"]
[BlackElo "2444"]
[PlyCount "100"]
[EventDate "2013.10.12"]
[EventRounds "13"]
[EventCountry "IND"]

1. c4 e6 2. Nf3 Nf6 3. g3 d5 4. Bg2 Be7 5. O-O O-O 6. d4 dxc4 7. Qc2 a6 8. Qxc4
b5 9. Qc2 Bb7 10. Bg5 Nbd7 11. Bxf6 Nxf6 12. Nbd2 Rc8 13. Nb3 Be4 14. Qc1 c5
15. dxc5 Nd7 16. Rd1 Qc7 17. c6 Bxc6 18. Nfd4 Bxg2 19. Qxc7 Rxc7 20. Kxg2 Rfc8
21. a4 b4 22. Rac1 Nb6 23. Rxc7 Rxc7 24. a5 Nc4 25. Rc1 Bd6 26. Rc2 e5 27. Nf5
g6 28. Nd2 Nxb2 29. Rxc7 Bxc7 30. Ne7+ Kg7 31. Nc6 Bd6 32. Ne4 Bf8 33. Nxe5 f6
34. Nc6 Nc4 35. Nd4 f5 36. Ng5 Nxa5 37. Nge6+ Kg8 38. Nc7 b3 39. Nxb3 Nxb3 40.
Nxa6 Bd6 41. f3 Kf7 42. e4 fxe4 43. fxe4 Ke6 44. Kf3 Ke5 45. Ke3 g5 46. g4 Nd4
47. h3 Ne6 48. Kf3 Kd4 49. Kg2 Kxe4 50. h4 h6 0-1

[Event "51st National Challengers (National â€˜Bâ€™) Chess Cha"]
[Site "Bhopal, Madhya Pradesh-India"]
[Date "2013.10.21"]
[Round "12"]
[Board "5"]
[White "Gagare, Shardul"]
[Black "Stany, G.A."]
[Result "1/2-1/2"]
[WhiteElo "2443"]
[BlackElo "2388"]
[PlyCount "54"]
[EventDate "2013.10.12"]
[EventRounds "13"]
[EventCountry "IND"]

1. c4 e6 2. g3 Nf6 3. Nf3 d5 4. d4 dxc4 5. Bg2 c5 6. O-O Nc6 7. Ne5 Bd7 8. Na3
cxd4 9. Naxc4 Bc5 10. Bf4 O-O 11. Qb3 Rc8 12. Qxb7 Nxe5 13. Nxe5 Rb8 14. Qf3
Rxb2 15. Rac1 Bd6 16. Nc4 Bxf4 17. Qxf4 Rb4 18. Qxd4 Qb8 19. a3 e5 20. Qe3 Rb3
21. Qxe5 h6 22. h3 Be6 23. Qxb8 Rfxb8 24. Na5 Rb2 25. Nc6 R8b6 26. e3 Rd2 27.
Rb1 Ra6 1/2-1/2

[Event "51st National Challengers (National â€˜Bâ€™) Chess Cha"]
[Site "Bhopal, Madhya Pradesh-India"]
[Date "2013.10.21"]
[Round "12"]
[Board "6"]
[White "Akshat, Khamparia"]
[Black "Swayams, Mishra"]
[Result "1-0"]
[WhiteElo "2384"]
[BlackElo "2434"]
[PlyCount "67"]
[EventDate "2013.10.12"]
[EventRounds "13"]
[EventCountry "IND"]

1. d4 e6 2. c4 Bb4+ 3. Bd2 Bxd2+ 4. Qxd2 Nf6 5. Nc3 d5 6. Nf3 O-O 7. Qf4 c5 8.
e3 Qa5 9. Be2 dxc4 10. O-O Nd5 11. Qh4 cxd4 12. exd4 Nxc3 13. bxc3 Nd7 14. Bxc4
Nf6 15. Ne5 Nd5 16. Bd3 f5 17. c4 Nb4 18. Be2 Qd8 19. Qf4 Qc7 20. Bf3 Bd7 21.
d5 Rad8 22. Rab1 Na6 23. d6 Qxd6 24. Rfd1 Qc7 25. Rxb7 Qxb7 26. Bxb7 Bc6 27.
Rxd8 Rxd8 28. h4 Bxb7 29. Qe3 Nb4 30. a3 Nc2 31. Qxa7 Be4 32. f3 Ba8 33. Qf7+
Kh8 34. Qxe6 1-0

[Event "51st National Challengers (National â€˜Bâ€™) Chess Cha"]
[Site "Bhopal, Madhya Pradesh-India"]
[Date "2013.10.21"]
[Round "12"]
[Board "7"]
[White "Sengupta, Deep"]
[Black "Padmini, Rout"]
[Result "1-0"]
[WhiteElo "2589"]
[BlackElo "2330"]
[PlyCount "65"]
[EventDate "2013.10.12"]
[EventRounds "13"]
[EventCountry "IND"]

1. e4 c5 2. Nc3 d6 3. Nge2 Nf6 4. d4 cxd4 5. Nxd4 a6 6. Qf3 e6 7. g4 Nc6 8.
Nxc6 bxc6 9. g5 Nd7 10. Bf4 d5 11. O-O-O Bb7 12. Qg3 Bb4 13. a3 Bxc3 14. Qxc3
O-O 15. Bd6 Re8 16. Rg1 c5 17. e5 d4 18. Qd3 Ra7 19. Rg4 Bd5 20. Qh3 c4 21.
Rdxd4 Rb7 22. Bxc4 Bxc4 23. Rxc4 Qb6 24. b3 Qxf2 25. Qc3 Nb6 26. Rc6 Qxh2 27.
Rb4 h5 28. Qf3 a5 29. Rcxb6 Rxb6 30. Rxb6 Qg1+ 31. Kb2 Qd4+ 32. Ka2 f5 33. Qxh5
1-0

[Event "51st National Challengers (National â€˜Bâ€™) Chess Cha"]
[Site "Bhopal, Madhya Pradesh-India"]
[Date "2013.10.21"]
[Round "12"]
[Board "8"]
[White "Sethuraman, S.P."]
[Black "Gusain, Himal"]
[Result "1-0"]
[WhiteElo "2566"]
[BlackElo "2307"]
[PlyCount "87"]
[EventDate "2013.10.12"]
[EventRounds "13"]
[EventCountry "IND"]

1. d4 d5 2. c4 e6 3. Nc3 Nf6 4. cxd5 exd5 5. Bg5 Be7 6. e3 O-O 7. Bd3 c6 8. Qc2
Nbd7 9. Nf3 Re8 10. O-O Nf8 11. h3 Ng6 12. Bxf6 Bxf6 13. b4 a6 14. a4 Be7 15.
b5 a5 16. bxc6 bxc6 17. Nd2 Bd6 18. Rfe1 Bd7 19. Rab1 Rb8 20. Bf5 Bxf5 21. Qxf5
Nh4 22. Rxb8 Bxb8 23. Qh5 g6 24. Qe2 Qd6 25. Nf1 Nf5 26. Qd3 Qa3 27. Rb1 Bd6
28. Qc2 Rb8 29. Nd2 Ne7 30. Nb3 Bc7 31. Nb5 cxb5 32. Qxc7 Rc8 33. Qxa5 Qa2 34.
Qe1 bxa4 35. Nc5 Ra8 36. Ra1 Qc4 37. Qb1 Kg7 38. Qb7 Qc3 39. Rf1 Re8 40. Qd7
Kf8 41. Qxa4 Rd8 42. Rb1 h5 43. Qa7 Ng8 44. Qc7 1-0

[Event "51st National Challengers (National â€˜Bâ€™) Chess Cha"]
[Site "Bhopal, Madhya Pradesh-India"]
[Date "2013.10.21"]
[Round "12"]
[Board "9"]
[White "Babu, N Sudhakar"]
[Black "Vishnu, Prasanna. V"]
[Result "0-1"]
[WhiteElo "2262"]
[BlackElo "2496"]
[PlyCount "88"]
[EventDate "2013.10.12"]
[EventRounds "13"]
[EventCountry "IND"]

1. d4 Nf6 2. c4 g6 3. Nc3 Bg7 4. e4 d6 5. Be2 O-O 6. Bg5 Na6 7. Qd2 c6 8. Nf3
e5 9. O-O exd4 10. Nxd4 Nc5 11. f3 Nfxe4 12. fxe4 Bxd4+ 13. Qxd4 Qxg5 14. Qxd6
Be6 15. Qf4 Qxf4 16. Rxf4 Rfd8 17. Rff1 Rd4 18. Rad1 Rad8 19. b3 Kg7 20. Kf2 a5
21. Rxd4 Rxd4 22. Ke3 Rd8 23. Rd1 Re8 24. Bf3 f6 25. Kf2 Kf7 26. Ne2 Ke7 27.
Nd4 Bf7 28. Ke3 Kf8 29. Ne2 a4 30. b4 Na6 31. b5 Nb4 32. bxc6 bxc6 33. Nc3 a3
34. Be2 f5 35. Kd4 fxe4 36. Kc5 Nc2 37. Kxc6 e3 38. Kb6 Rb8+ 39. Kc7 Rb2 40.
Rd3 Nb4 41. Rxe3 Nxa2 42. Nxa2 Rxa2 43. Bf3 Ra1 44. Be2 Re1 0-1

[Event "51st National Challengers (National â€˜Bâ€™) Chess Cha"]
[Site "Bhopal, Madhya Pradesh-India"]
[Date "2013.10.21"]
[Round "12"]
[Board "10"]
[White "Kunte, Abhijit"]
[Black "Ram, S. Krishnan"]
[Result "1-0"]
[WhiteElo "2487"]
[BlackElo "2228"]
[PlyCount "105"]
[EventDate "2013.10.12"]
[EventRounds "13"]
[EventCountry "IND"]

1. d4 d5 2. c4 c6 3. Nc3 Nf6 4. e3 e6 5. Nf3 Nbd7 6. Qc2 Bd6 7. Bd3 O-O 8. O-O
dxc4 9. Bxc4 a6 10. e4 e5 11. Rd1 Qc7 12. h3 h6 13. Be3 exd4 14. Nxd4 Ne5 15.
Bf1 Ng6 16. Kh1 Bf4 17. Re1 Rd8 18. Rad1 Bxe3 19. Rxe3 c5 20. Nd5 Nxd5 21. exd5
Qd6 22. Nb3 b6 23. Nd2 Qxd5 24. Rd3 Bf5 25. Ne4 Bxe4 26. Rxd5 Bxd5 27. Kg1 Bb7
28. Rxd8+ Rxd8 29. Qb3 b5 30. a4 Bc6 31. Kh2 Nf8 32. Qc3 Ne6 33. Qa5 bxa4 34.
Qxa6 Bd5 35. Qxa4 Rb8 36. Qd7 Rd8 37. Qb5 g6 38. Qb6 Kg7 39. Bb5 h5 40. Qa7 Kf6
41. Bd7 c4 42. Bb5 Rc8 43. Qe3 Ke7 44. Qc3 Rb8 45. Qa3+ Kf6 46. Qa6 Ra8 47. Qd6
Rd8 48. Qg3 Rc8 49. Qc3+ Ke7 50. b3 Rc5 51. bxc4 Bc6 52. Qa3 Kf6 53. Bxc6 1-0

[Event "51st National Challengers (National â€˜Bâ€™) Chess Cha"]
[Site "Bhopal, Madhya Pradesh-India"]
[Date "2013.10.21"]
[Round "12"]
[Board "11"]
[White "Swapnil, S. Dhopade"]
[Black "Visakh, Nr"]
[Result "1-0"]
[WhiteElo "2471"]
[BlackElo "2218"]
[PlyCount "79"]
[EventDate "2013.10.12"]
[EventRounds "13"]
[EventCountry "IND"]

1. d4 Nf6 2. c4 e6 3. Nc3 d5 4. cxd5 exd5 5. Bg5 Be7 6. e3 O-O 7. Bd3 Nbd7 8.
Qc2 b6 9. Nf3 Bb7 10. O-O c5 11. Rad1 Re8 12. dxc5 bxc5 13. Bb5 a6 14. Ba4 Rf8
15. Bxd7 Qxd7 16. Bxf6 Bxf6 17. Nxd5 Bxd5 18. Qxc5 Rfd8 19. e4 Bxe4 20. Rxd7
Rxd7 21. Re1 Bxf3 22. gxf3 Bxb2 23. Re7 Rdd8 24. Ra7 Rxa7 25. Qxa7 g6 26. Qxa6
Rd2 27. Qa5 Rc2 28. a4 Bf6 29. Qb4 Rb2 30. Qd6 Bc3 31. Qd8+ Kg7 32. Qd3 Bf6 33.
a5 Rb7 34. a6 Ra7 35. Qd6 h5 36. Kg2 Ba1 37. f4 Bf6 38. Qb6 Rd7 39. Qb7 Re7 40.
Qxe7 1-0

[Event "51st National Challengers (National â€˜Bâ€™) Chess Cha"]
[Site "Bhopal, Madhya Pradesh-India"]
[Date "2013.10.21"]
[Round "12"]
[Board "12"]
[White "Neelotpal, Das"]
[Black "Puranik, Abhimanyu"]
[Result "1-0"]
[WhiteElo "2455"]
[BlackElo "2238"]
[PlyCount "67"]
[EventDate "2013.10.12"]
[EventRounds "13"]
[EventCountry "IND"]

1. d4 Nf6 2. c4 g6 3. Nc3 d5 4. e3 Bg7 5. Qb3 dxc4 6. Bxc4 O-O 7. Nf3 Nfd7 8.
O-O Nc6 9. Be2 e5 10. d5 Ne7 11. e4 Kh8 12. Be3 f5 13. Ng5 Nf6 14. Bc5 b6 15.
Ba3 Ne8 16. exf5 gxf5 17. Bh5 Nd6 18. Bxd6 Qxd6 19. Nf7+ Rxf7 20. Bxf7 c6 21.
Rfd1 Bb7 22. dxc6 Qxc6 23. Bd5 Nxd5 24. Qxd5 Qxd5 25. Nxd5 e4 26. Nc3 Ba6 27.
Rd7 Bd3 28. Nd1 Rc8 29. Rxa7 f4 30. Rf7 Bh6 31. Rf6 Kg7 32. Rxb6 e3 33. fxe3
fxe3 34. Rxh6 1-0

[Event "51st National Challengers (National â€˜Bâ€™) Chess Cha"]
[Site "Bhopal, Madhya Pradesh-India"]
[Date "2013.10.21"]
[Round "12"]
[Board "13"]
[White "Prakash, G B"]
[Black "Rathnakaran, K."]
[Result "0-1"]
[WhiteElo "2255"]
[BlackElo "2428"]
[PlyCount "74"]
[EventDate "2013.10.12"]
[EventRounds "13"]
[EventCountry "IND"]

1. Nf3 Nf6 2. c4 g6 3. b3 Bg7 4. Bb2 O-O 5. g3 d6 6. Bg2 e5 7. d3 Nc6 8. Nc3
Nh5 9. O-O f5 10. Qd2 h6 11. e3 g5 12. Nd5 Ne7 13. Qe2 Nxd5 14. cxd5 Nf6 15.
Nd2 Bd7 16. Rac1 Rc8 17. Rc2 Be8 18. f4 exf4 19. exf4 Bd7 20. h3 g4 21. Bxf6
Qxf6 22. hxg4 Qd4+ 23. Rf2 Rfe8 24. Qf1 fxg4 25. Be4 c6 26. Rc4 Qf6 27. Kh1 Qf7
28. Qg2 Kf8 29. f5 Bf6 30. dxc6 bxc6 31. Bxc6 Qh5+ 32. Kg1 Bxc6 33. Rxc6 Bd4
34. Rxc8 Rxc8 35. Kf1 Bxf2 36. Qxf2 Rc1+ 37. Ke2 Qe8+ 0-1

[Event "51st National Challengers (National â€˜Bâ€™) Chess Cha"]
[Site "Bhopal, Madhya Pradesh-India"]
[Date "2013.10.21"]
[Round "12"]
[Board "14"]
[White "Imocha, Laishram"]
[Black "Shyam, Nikil P."]
[Result "0-1"]
[WhiteElo "2197"]
[BlackElo "2412"]
[PlyCount "58"]
[EventDate "2013.10.12"]
[EventRounds "13"]
[EventCountry "IND"]

1. d4 Nf6 2. Nf3 c5 3. d5 b5 4. Bg5 Ne4 5. Bh4 Bb7 6. Qd3 f5 7. Ng5 Qa5+ 8. c3
c4 9. Qd4 Nf6 10. d6 Nc6 11. Qf4 e6 12. Nd2 h6 13. Nh3 g5 14. Nxg5 Nd5 15. Qg3
hxg5 16. Bxg5 f4 17. Bxf4 Nxf4 18. Qxf4 O-O-O 19. Nf3 Re8 20. g4 e5 21. Qf6 Rh6
22. Qf7 Qd8 23. a4 Rf6 24. Qd5 Rxd6 25. Qxb5 e4 26. Nd4 Nxd4 27. cxd4 e3 28. f3
Qh4+ 29. Kd1 Rxd4+ 0-1

[Event "51st National Challengers (National â€˜Bâ€™) Chess Cha"]
[Site "Bhopal, Madhya Pradesh-India"]
[Date "2013.10.21"]
[Round "12"]
[Board "15"]
[White "Lalith, Babu M.R."]
[Black "Pranav, Vijay"]
[Result "1-0"]
[WhiteElo "2583"]
[BlackElo "2239"]
[PlyCount "61"]
[EventDate "2013.10.12"]
[EventRounds "13"]
[EventCountry "IND"]

1. d4 Nf6 2. c4 g6 3. Nc3 d5 4. Nf3 Bg7 5. h4 dxc4 6. e4 c5 7. d5 b5 8. h5 Nxh5
9. Nxb5 O-O 10. Bxc4 Nd7 11. Be2 Ba6 12. a4 Qb8 13. Qd2 Ndf6 14. Rh4 Rd8 15.
Qe3 Qc8 16. Nfd4 Bb7 17. g4 Nxe4 18. gxh5 Bxd5 19. Rxe4 Bxe4 20. Qxe4 a6 21.
Nc6 Re8 22. Nc3 Qc7 23. Be3 Rac8 24. Bxa6 Qb6 25. Bxc8 Qxb2 26. Rd1 Qxc3+ 27.
Kf1 Qb3 28. Rb1 Qa2 29. Bd7 Rf8 30. hxg6 hxg6 31. Nxe7+ 1-0

[Event "51st National Challengers (National â€˜Bâ€™) Chess Cha"]
[Site "Bhopal, Madhya Pradesh-India"]
[Date "2013.10.21"]
[Round "12"]
[Board "16"]
[White "K., Praneeth Surya"]
[Black "Sangma, Rahul"]
[Result "1-0"]
[WhiteElo "2210"]
[BlackElo "2394"]
[PlyCount "76"]
[EventDate "2013.10.12"]
[EventRounds "13"]
[EventCountry "IND"]

1. e4 e5 2. Nf3 Nc6 3. Bc4 Bc5 4. c3 Nf6 5. d3 a6 6. Bb3 Ba7 7. h3 d6 8. Nbd2
O-O 9. Nf1 d5 10. Qe2 Be6 11. Bc2 h6 12. Ng3 b5 13. Nh4 d4 14. O-O Ne7 15. Qf3
Ng6 16. Nhf5 Re8 17. cxd4 exd4 18. Qd1 c5 19. f4 Bxf5 20. Nxf5 c4 21. Ng3 Nd7
22. b4 Ne7 23. Nh5 f5 24. exf5 Nxf5 25. Qg4 Rf8 26. Kh2 Qh4 27. dxc4 Qxg4 28.
hxg4 Ne3 29. Bxe3 dxe3 30. c5 Rae8 31. Rae1 Nb8 32. Rf3 Nc6 33. Rexe3 Rxe3 34.
Rxe3 Nxb4 35. Re7 Bxc5 36. Rxg7+ Kh8 37. Bf5 a5 38. Rg6 Rd8 1-0

[Event "51st National Challengers (National â€˜Bâ€™) Chess Cha"]
[Site "Bhopal, Madhya Pradesh-India"]
[Date "2013.10.21"]
[Round "12"]
[Board "18"]
[White "Karthikeyan, P."]
[Black "Shashikant, Kutwal"]
[Result "1-0"]
[WhiteElo "2389"]
[BlackElo "2239"]
[PlyCount "45"]
[EventDate "2013.10.12"]
[EventRounds "13"]
[EventCountry "IND"]

1. d4 Nf6 2. c4 g6 3. Nc3 Bg7 4. e4 d6 5. f3 O-O 6. Be3 e5 7. Nge2 c6 8. Qd2
Nbd7 9. O-O-O a6 10. h4 b5 11. h5 Qa5 12. hxg6 fxg6 13. Qc2 Nb6 14. dxe5 dxe5
15. b3 bxc4 16. Qb2 Rb8 17. b4 Na4 18. Nxa4 Qxa4 19. Bc5 Qb5 20. Nc3 Qb7 21.
Bxc4+ Kh8 22. Bd6 Bd7 23. Na4 1-0